The nurturing of new educational researchers : dialogues and debates /

Five educational researchers, coming from a variety of higher education institutions, academic disciplines, and cultural backgrounds, met together over a three-year period to discuss the present and future of doctoral education and training in the field of education. Their hope was that the product...

Full description

Bibliographic Details
Other Authors: Ibarrola, María de (Editor), Anderson, Lorin W. (Editor)
Format: eBook
Language:English
Published: Rotterdam, The Netherlands : Sense Publishers, [2014]
Subjects:
Online Access:Connect to the full text of this electronic book

MARC

Tag First Indicator Second Indicator Subfields
LEADER 00000cam a2200000Ii 4500
001 in00003441240
005 20190407114636.0
006 m o d
007 cr cnu---unuuu
008 140701s2014 ne o 000 0 eng d
020 |a 9789462096981 (electronic bk.) 
020 |a 9462096988 (electronic bk.) 
020 |z 9789462096974 
020 |z 9789462096967 
020 |z 946209697X 
035 |a (OCoLC)ocn882251414 
035 |a (OCoLC)882251414 
040 |a N$T  |b eng  |e rda  |e pn  |c N$T  |d N$T  |d GW5XE  |d YDXCP  |d UtOrBLW 
049 |a TXAM 
050 4 |a LB1028  |b .N87 2014eb 
072 7 |a EDU  |x 042000  |2 bisacsh 
072 7 |a EDU  |x 036000  |2 bisacsh 
072 7 |a EDU  |x 024000  |2 bisacsh 
082 0 4 |a 370.72  |2 23 
245 0 4 |a The nurturing of new educational researchers :  |b dialogues and debates /  |c edited by María de Ibarrola and Lorin W. Anderson. 
264 1 |a Rotterdam, The Netherlands :  |b Sense Publishers,  |c [2014] 
300 |a 1 online resource (xiii, 150 pages) 
336 |a text  |b txt  |2 rdacontent 
337 |a computer  |b c  |2 rdamedia 
338 |a online resource  |b cr  |2 rdacarrier 
520 |a Five educational researchers, coming from a variety of higher education institutions, academic disciplines, and cultural backgrounds, met together over a three-year period to discuss the present and future of doctoral education and training in the field of education. Their hope was that the product of their discussions would enable educators and policy makers around the world to rethink, restructure, and even design new programs to prepare the rising generation of educational researchers in their countries. These differences in academic, national, and institutional perspectives led to a variety of ways, even conflicting ones, in which the quality of doctoral education and training could be improved. Based on our discussion, we came to the conclusion that there are no universal solutions to the problems involved in setting up and operating a quality doctoral program. Rather, educators would be wise to be aware of the alternatives at their disposal and make informed choices based on an understanding of the larger societal and political contexts in their states, regions, or nations. To facilitate this decision-making process, we have chosen to conclude with a set of key questions that should be addressed by those seeking to examine and improve their doctoral programs in education and briefly describe some of the alternative ways of answering these questions. Instead of passively absorbing a unified position, then, the reader is invited to join the dialogue that has taken place (and is still taking place) between and among the authors. To exemplify such a dialogue, each chapter is followed by one or two commentaries written by members of the group. We would encourage the reader to write commentaries on the individual chapters (and perhaps the commentaries), thereby engaging in a dialogue with the authors on a fairly personal level. 
588 |a Description based on print version record. 
650 0 |a Education  |x Research  |x Study and teaching. 
650 7 |a EDUCATION / Essays.  |2 bisacsh 
650 7 |a EDUCATION / Organizations & Institutions.  |2 bisacsh 
650 7 |a EDUCATION / Reference.  |2 bisacsh 
655 7 |a Electronic books.  |2 local 
700 1 |a Ibarrola, María de,  |e editor. 
700 1 |a Anderson, Lorin W.,  |e editor. 
776 0 8 |i Print version:  |t Nurturing of new educational researchers  |z 946209697X  |w (OCoLC)881516990 
856 4 0 |u http://proxy.library.tamu.edu/login?url=http://search.ebscohost.com/login.aspx?direct=true&scope=site&db=nlebk&db=nlabk&AN=799500  |z Connect to the full text of this electronic book  |t 0 
994 |a 92  |b TXA 
948 |a cataloged  |b h  |c 2014/8/12  |d c  |e jlanham  |f 2:04:38 pm 
999 |a MARS 
999 f f |s f3b66cbe-2af8-3dd3-9a8d-d8c26aafcfd4  |i 90af95af-5a9b-357c-8e80-028289d70af4  |t 0 
952 f f |a Texas A&M University  |b College Station  |c Electronic Resources  |d Available Online  |t 0  |e LB1028 .N87 2014eb  |h Library of Congress classification 
998 f f |a LB1028 .N87 2014eb  |t 0  |l Available Online